Understanding the constitution.

Guardado en:
Detalles Bibliográficos
Autor principal: Corwin, Edward S. (autor)
Otros autores: Peltason, Jack W. (autor) (autor)
Formato: Libro
Idioma:Inglés
Temas:
Etiquetas: Agrega una etiqueta
Sin etiquetas, Sé el primero en etiquetar este registro!

MARC

LEADER 00000cam^a2200000uu^4500
001 000486226
005 20250521000000.0
008 030309s1962^^^^^^^^^^^^rd^r^^000^0^eng^d
009 20260310125217.796
035 |a FCE 000029332 
035 |a FCE 030319 
037 |a Acervo ITESO - Biblioteca 
041 |a eng 
082 0 4 |a 342.973  |b CORu 
100 |a Corwin, Edward S.  |e (autor) 
245 1 0 |a Understanding the constitution. 
264 |a Estados Unidos :  |b Rinehart and Winston,  |c 1962. 
300 |a 228 p. 
336 |a texto  |b txt  |2 rdacontenido 
337 |a sin mediación  |b n  |2 rdamedio 
338 |a volumen  |b nc  |2 rdasoporte 
649 |a XX 
650 |a Constitución política 
650 |a Leyes 
650 |a Estados Unidos 
700 |a Peltason, Jack W.  |e (autor) 
910 |a Fondo Centro de Estudios Educativos 
920 |a Impresos - Libros 
930 |a Fondos Especiales 
905 |a 133 
901 |a ALE030319  |b IT2  |c CEE  |u 20250521 
902 |a https://opac.biblio.iteso.mx/vufind/Record/000486226